[Event "WICC qual Moscow 25'+10"]
[Site "?"]
[Date "2002.04.20"]
[Round "8"]
[White "Shaposhnikov Evgeny"]
[Black "Shipov Sergei"]
[Result "1/2-1/2"]
[WhiteElo "2523"]
[BlackElo "2630"]
[PlyCount "136"]
[EventDate "2002.??.??"]
[Source "www.chesslib.no"]
[SourceDate "2004.05.04"]

1. d4 Nf6 2. c4 g6 3. Nf3 Bg7 4. Nc3 d5 5. Bg5 Ne4 6. Bf4 Nxc3 7. bxc3 c5 8. e3 O-O 9. cxd5 cxd4 10. cxd4 Qxd5 11. Be2 Nc6 12. O-O Bf5 13. Qa4 Qa5 14. Qxa5 Nxa5 15. Rfc1 Rfc8 16. Kf1 Nc6 17. Rc3 Nb4 18. Rb3 a5 19. Rb2 Be6 20. a3 Nc2 21. Rd1 Nxa3 22. Rxb7 a4 23. d5 Bf5 24. Rxe7 Nb1 25. e4 Nc3 26. exf5 a3 27. fxg6 hxg6 28. Rd2 a2 29. Rxa2 Rxa2 30. d6 Nd5 31. d7 Ra1+ 32. Ne1 Nxe7 33. dxc8=Q+ Nxc8 34. Bd2 Nb6 35. g3 Nd5 36. Kg2 Bc3 37. Bxc3 Nxc3 38. Nc2 Ra2 39. Bd3 Kg7 40. h4 Nd1 41. Kf3 f5 42. Ke2 Nb2 43. Nb4 Ra3 44. Bc2 Kh6 45. Nd5 Nc4 46. Kf1 Ne5 47. Kg2 Ra2 48. Nb4 Ra3 49. Bd1 Rc3 50. Be2 Rb3 51. Nd5 Rb2 52. Nf4 Kg7 53. Bf3 Kf6 54. Be2 Ke7 55. Bf3 Kd6 56. Be2 Rd2 57. Kf1 Kc5 58. Kg2 Kd4 59. Ne6+ Ke4 60. Nf4 Rb2 61. Bf1 Kd4 62. Be2 Kc3 63. Bf1 Kd2 64. Kg1 Rb1 65. Kg2 Ke1 66. Kg1 Ra1 67. Ng2+ Kd2 68. Nf4 Rc1 1/2-1/2

[Event "Hastings"]
[Site "?"]
[Date "1988.??.??"]
[Round "?"]
[White "Smyslov, V."]
[Black "Gulko, B."]
[Result "1/2-1/2"]
[WhiteElo "2550"]
[BlackElo "2590"]
[PlyCount "93"]
[EventDate "1988.??.??"]
[Source "ChessBase"]
[SourceDate "1989.01.01"]

1. d4 Nf6 2. Nf3 g6 3. c4 Bg7 4. Nc3 d5 5. Bg5 Ne4 6. cxd5 Nxg5 7. Nxg5 e6 8. Qd2 Bh6 9. f4 exd5 10. Qe3+ Kf8 11. g3 c6 12. Bh3 Bxh3 13. Nxh3 Nd7 14. O-O-O Nb6 15. Qf3 Qe7 16. e4 dxe4 17. Nxe4 Qe6 18. Qa3+ Kg7 19. Nhf2 Rhe8 20. Nc5 Qc4+ 21. Kb1 Re2 22. Nfd3 Qc2+ 23. Ka1 Rxh2 24. Qb3 Qxb3 25. axb3 Rxh1 26. Rxh1 Rd8 27. Nxb7 Rxd4 28. Ne5 Nd5 29. Nd8 Nb4 30. Ndxf7 Bxf4 31. gxf4 Rxf4 32. Nd8 Rf6 33. Rc1 h5 34. Nexc6 Nxc6 35. Nxc6 g5 36. b4 g4 37. b5 Rf7 38. Rg1 Kh6 39. Ka2 Kg5 40. Kb3 h4 41. Ne5 Rf4 42. Nxg4 Rxg4 43. Ra1 h3 44. Rxa7 h2 45. Rg7+ Kh6 46. Rxg4 h1=Q 47. Rb4 1/2-1/2

[Event "Camp. russo a squadre 2007"]
[Site "Sochi RUS"]
[Date "2007.05.10"]
[Round "9"]
[White "Iljin, A."]
[Black "Nepomniachtchi, I."]
[Result "1/2-1/2"]
[WhiteElo "2538"]
[BlackElo "2602"]
[PlyCount "33"]
[EventDate "2007.05.02"]
[Source "www.chesslib.no"]
[SourceDate "2004.05.04"]

1. d4 Nf6 2. c4 g6 3. Nc3 d5 4. Bg5 Ne4 5. Bh4 Nxc3 6. bxc3 dxc4 7. e3 Be6 8. Nf3 Bg7 9. Rb1 O-O 10. Rxb7 Bd5 11. Rb1 c5 12. Qa4 cxd4 13. cxd4 Nd7 14. Be2 Nb6 15. Qb4 Re8 16. O-O Qd7 17. Rfc1 1/2-1/2

[Event "New York Hudson"]
[Site "New York"]
[Date "1993.??.??"]
[Round "1"]
[White "Shabalov, Alexander"]
[Black "Hellers, Ferdinand"]
[Result "1-0"]
[WhiteElo "2575"]
[BlackElo "2565"]
[PlyCount "85"]
[EventDate "1993.??.??"]
[Source "ChessBase"]

1. d4 Nf6 2. Nf3 g6 3. c4 Bg7 4. Nc3 d5 5. Bg5 Ne4 6. cxd5 Nxg5 7. Nxg5 e6 8. Qd2 exd5 9. Qe3+ Kf8 10. Nf3 c6 11. g3 Be6 12. Bg2 Nd7 13. O-O Bf6 14. Qh6+ Bg7 15. Qd2 Bf6 16. Rfe1 Kg7 17. e4 dxe4 18. Rxe4 Qa5 19. Qf4 Rad8 20. h4 h6 21. Rae1 Nb6 22. Ne5 Bf5 23. R4e2 Qb4 24. Rd1 h5 25. a3 Qb3 26. Kh2 Rhe8 27. Rde1 Nc4 28. Ng4 hxg4 29. Rxe8 Rxe8 30. Rxe8 Qxb2 31. Ne2 Bd7 32. h5 gxh5 33. Rh8 Kxh8 34. Qxf6+ Kg8 35. Qg5+ Kh7 36. Qxh5+ Kg7 37. Qg5+ Kh7 38. Be4+ f5 39. Qe7+ Kh6 40. Qf8+ Kh7 41. Qf7+ Kh6 42. Nf4 Qxf2+ 43. Bg2 1-0

[Event "Premier"]
[Site "Hastings ENG"]
[Date "2008.01.06"]
[Round "10"]
[White "Chatalbashev, B."]
[Black "Neverov, V."]
[Result "0-1"]
[WhiteElo "2581"]
[BlackElo "2558"]
[PlyCount "146"]
[EventDate "2007.12.28"]
[Source "www.chesslib.no"]
[SourceDate "2004.05.04"]

1. d4 Nf6 2. c4 g6 3. Nc3 d5 4. Nf3 Bg7 5. Bg5 Ne4 6. Bh4 Nxc3 7. bxc3 dxc4 8. Qa4+ Qd7 9. Qxc4 b6 10. e3 Ba6 11. Qb3 Bxf1 12. Kxf1 Nc6 13. Ke2 Na5 14. Qb4 c5 15. dxc5 O-O 16. Rhd1 Qb7 17. Rab1 Nc6 18. Qb5 Rfc8 19. c4 h6 20. a4 e5 21. cxb6 axb6 22. c5 Ra5 23. Qxb6 Qa8 24. Rd7 Rxa4 25. Qb7 Ra7 26. Qxa8 Raxa8 27. Rbb7 g5 28. Bg3 Nd8 29. Rb5 f6 30. Nd2 Ra2 31. f4 exf4 32. exf4 Ne6 33. fxg5 Nxc5 34. Rc7 Re8+ 35. Kd1 Rd8 36. Rbxc5 Rdxd2+ 37. Ke1 hxg5 38. Rb5 Rxg2 39. Kf1 Rgc2 40. Rxc2 Rxc2 41. h4 g4 42. Rf5 Rc4 43. h5 Kf7 44. Ra5 Bh6 45. Bh4 Rc6 46. Ra7+ Ke6 47. Rh7 Bf4 48. Rg7 Kf5 49. Ra7 Rc1+ 50. Kg2 Rc2+ 51. Kf1 Rh2 52. Ra5+ Be5 53. Bg3 Rxh5 54. Bxe5 fxe5 55. Kg2 Kf4 56. Ra1 Rh3 57. Ra8 Rg3+ 58. Kf2 Rf3+ 59. Kg2 e4 60. Rf8+ Ke3 61. Rg8 g3 62. Ra8 Kd4 63. Rd8+ Kc4 64. Rc8+ Kd4 65. Rd8+ Kc3 66. Re8 Re3 67. Re7 Kd2 68. Re8 Re1 69. Kxg3 e3 70. Rd8+ Ke2 71. Kg2 Ra1 72. Rb8 Ke1 73. Rh8 Ra7 0-1

[Event "Czerniak mem 15th"]
[Site "Tel Aviv"]
[Date "1999.03.29"]
[Round "2"]
[White "Alterman, Boris"]
[Black "Greenfeld, Alon"]
[Result "1/2-1/2"]
[WhiteElo "2615"]
[BlackElo "2520"]
[PlyCount "49"]
[EventDate "1999.03.??"]
[Source "ChessBase"]
[SourceDate "1999.08.01"]

1. d4 Nf6 2. c4 g6 3. Nc3 d5 4. Nf3 Bg7 5. Bg5 Ne4 6. Bh4 Nxc3 7. bxc3 dxc4 8. Qa4+ Qd7 9. Qxc4 b6 10. e3 Ba6 11. Qb3 Bxf1 12. Rxf1 Nc6 13. Ke2 e5 14. dxe5 O-O 15. Rfd1 Qf5 16. Bg3 Nxe5 17. Bxe5 Bxe5 18. Rd5 Rae8 19. Rad1 Qf6 20. Nxe5 Rxe5 21. Rxe5 Qxe5 22. h3 Re8 23. Qa4 Kg7 24. Qd4 Qf6 25. Qxf6+ 1/2-1/2

[Event "Panormo (zt) 74/484"]
[Site "?"]
[Date "1998.??.??"]
[Round "?"]
[White "Grivas, Efstratios"]
[Black "Lputian, Smbat G"]
[Result "1-0"]
[WhiteElo "2520"]
[BlackElo "2615"]
[PlyCount "53"]
[EventDate "1998.??.??"]
[Source "ChessBase"]
[SourceDate "1998.10.01"]

1. Nf3 Nf6 2. c4 g6 3. Nc3 d5 4. d4 Bg7 5. Bg5 Ne4 6. Bh4 Nxc3 7. bxc3 dxc4 8. Qa4+ c6 9. Qxc4 Na6 10. e4 Qa5 11. Rc1 Be6 12. Qd3 Bh6 13. Rb1 O-O-O 14. Qc2 f6 15. Bg3 f5 16. exf5 gxf5 17. Be5 Rhg8 18. Bd3 Rdf8 19. O-O Bd5 20. Nh4 b5 21. a4 Nc7 22. axb5 cxb5 23. Bxc7 Qxc7 24. Rxb5 Bc6 25. Rc5 Kb8 26. Rb1+ Ka8 27. Bb5 1-0

[Event "Brno Morava-A"]
[Site "Brno"]
[Date "1991.??.??"]
[Round "3"]
[White "Murshed, Niaz"]
[Black "Epishin, Vladimir"]
[Result "1/2-1/2"]
[WhiteElo "2510"]
[BlackElo "2615"]
[PlyCount "67"]
[EventDate "1991.09.??"]
[Source "ChessBase"]

1. d4 Nf6 2. Nf3 g6 3. c4 Bg7 4. Nc3 d5 5. Bg5 Ne4 6. cxd5 Nxg5 7. Nxg5 e6 8. Qd2 exd5 9. Qe3+ Kf8 10. Qf4 Bf6 11. h4 Kg7 12. e4 dxe4 13. Bc4 Qd6 14. Qxd6 cxd6 15. Nxf7 Rf8 16. Nxd6 Bxd4 17. Ncxe4 Nc6 18. h5 Ne5 19. h6+ Kh8 20. O-O-O Bb6 21. Bb3 Bf5 22. f3 Rad8 23. Kb1 Bxe4+ 24. fxe4 Be3 25. Rd5 Rd7 26. Nc4 Rxd5 27. exd5 Nxc4 28. Bxc4 Rf2 29. d6 Rd2 30. Re1 Bxh6 31. Re8+ Kg7 32. Re7+ Kf6 33. Rxh7 Bg7 34. Rh3 1/2-1/2

[Event "Lost Boys op"]
[Site "Antwerp"]
[Date "1999.08.03"]
[Round "5"]
[White "Safin, Shukhrat"]
[Black "Van Wely, Loek"]
[Result "0-1"]
[WhiteElo "2494"]
[BlackElo "2629"]
[PlyCount "84"]
[EventDate "1999.07.30"]
[Source "www.chesslib.no"]
[SourceDate "2004.05.04"]

1. d4 Nf6 2. Nf3 g6 3. c4 Bg7 4. Nc3 d5 5. Bg5 Ne4 6. cxd5 Nxg5 7. Nxg5 e6 8. Nf3 exd5 9. b4 Qd6 10. a3 O-O 11. e3 c6 12. Be2 Be6 13. O-O Nd7 14. Na4 Rac8 15. Rc1 h6 16. Ne1 g5 17. Nd3 f5 18. Nac5 Nxc5 19. Nxc5 Rc7 20. b5 Bf7 21. bxc6 bxc6 22. Bd3 f4 23. Qg4 Kh8 24. h4 gxh4 25. exf4 Bxd4 26. Na6 Rb7 27. Qxh4 Rb3 28. f5 Bg7 29. Nb4 c5 30. Rxc5 Qxc5 31. f6 Qc3 32. fxg7+ Qxg7 33. Re1 a5 34. Re3 axb4 35. Rg3 Rxd3 36. Rxg7 Kxg7 37. axb4 Bg6 38. b5 Rf7 39. Qb4 Kh7 40. b6 Rd1+ 41. Kh2 Rb1 42. Qd6 Rxf2 0-1

[Event "Danube Summer, Tekija YUG"]
[Site "?"]
[Date "2001.??.??"]
[Round "2"]
[White "Crisan, A."]
[Black "Jacimovic, D."]
[Result "1-0"]
[WhiteElo "2635"]
[BlackElo "2485"]
[PlyCount "71"]
[EventDate "2001.??.??"]
[Source "www.chesslib.no"]
[SourceDate "2004.05.04"]

1. d4 Nf6 2. c4 g6 3. Nc3 d5 4. Nf3 Bg7 5. Bg5 Ne4 6. cxd5 Nxg5 7. Nxg5 e6 8. Qd2 exd5 9. Qe3+ Kf8 10. Qf4 Bf6 11. h4 h6 12. Nxd5 Bxg5 13. Qe5 Rh7 14. hxg5 Nc6 15. Qe4 Bf5 16. Qf3 Nxd4 17. Qa3+ Kg7 18. Ne3 Qxg5 19. Qc3 Qf6 20. O-O-O c5 21. Nxf5+ Nxf5 22. Rd7 Rhh8 23. Qxf6+ Kxf6 24. g4 Nd4 25. e3 Ne6 26. Rxb7 h5 27. gxh5 gxh5 28. Bc4 a5 29. Rh3 Raf8 30. Ra7 h4 31. Bxe6 fxe6 32. Rxa5 Kg5 33. Rxc5+ Kg4 34. Rh2 h3 35. Rc4+ Kf3 36. e4 1-0